Bilecik Bilecik Bilecik Bilecik Bilecik

Sen kimsin?/ (Record no. 70135)

MARC details
000 -BAŞLIK
Sabit Uzunluktaki Kontrol Alanı 01328nam a22004097a 4500
001 - KONTROL NUMARASI
Control Dosyası 0069387
003 - KONTROL NUMARASI KİMLİĞİ
Kontrol Alanı KOHA_MİRAKIL
005 - EN SON İŞLEM TARİHİ ve ZAMANI
Kontrol Alanı 20260207004841.0
007 - FİZİKSEL TANIM SABİT ALAN - GENEL BİLGİ
Sabit uzunluklu kontrol alanı ta
008 - SABİT UZUNLUKTAKİ VERİ ÖGELERİ - GENEL BİLGİ
Sabit Alan 230918b2017 tu |||gr||||#0|||0|tur |
020 ## - ISBN - ULUSLARARASI STANDART KİTAP NUMARASI
Isbn 9786052981672
040 ## - KATALOGLAMA KAYNAĞI
Özgün Kataloglama Kurumu TR-BiSEU
Kataloglama Dili tur
Çeviri Kurumu TR-BiSEU
Açıklama Kuralları rda
041 0# - DİL KODU
Metin ya da ses kaydının dil kodu tur
044 ## - YAYINLAYAN/ÜRETEN KURULUŞUN ÜLKE KODU
ISO country code tu
050 ## - SINIFLAMA ve YER NUMARASI
Sınıflama Numarası DR603
Yer Numarası .O93 2017
100 1# - KİŞİ ADI
Yazar Adı (Kişi adı) Özdil, Yılmaz.
245 1# - ESER ADI BİLDİRİMİ
Başlık Sen kimsin?/
Sorumluluk Bildirimi Yılmaz Özdil ; Yılmaz Özdil ; editör Tunca Arslan.
264 #1 - ÜRERİM, YAYIN, DAĞITIM ve TELİF BİLDİRİMİ
Yayın yeri İstanbul :
Yayınlayan Kırmızı Kedi Yayınevi
Yayın tarihi 2017
300 ## - FİZİKSEL TANIMLAMA
Sayfa, Cilt vb. 442 sayfa: resimli ;
Boyutları 23 cm.
336 ## - İÇERİK TÜRÜ
Content type term metin
Content type code txt
Source rdacontent
337 ## - MEDYA TÜRÜ
Media type term aracısız
Media type code n
Source rdamedia
338 ## - TAŞIYICI TÜRÜ
Carrier type term cilt
Carrier type code nc
Source rdacarrier
490 1# - DİZİ BİLDİRİMİ
Dizi Bildirimi Kırmızı Kedi Yayınevi ;
Cilt Numarası 819.
490 1# - DİZİ BİLDİRİMİ
Dizi Bildirimi Güncel ;
Cilt Numarası 34
650 #0 - KONU BAŞLIĞI EK GİRİŞ - KONU TERİMİ
Konusal terim veya coğrafi ad Yolsuzluk--Türkiye.
9 (RLIN) 73030
650 #0 - KONU BAŞLIĞI EK GİRİŞ - KONU TERİMİ
Konusal terim veya coğrafi ad İstihbarat servisi--Türkiye.
9 (RLIN) 134181
650 #0 - KONU BAŞLIĞI EK GİRİŞ - KONU TERİMİ
Konusal terim veya coğrafi ad Basın ve siyaset--Türkiye.
9 (RLIN) 11251
650 #0 - KONU BAŞLIĞI EK GİRİŞ - KONU TERİMİ
Konusal terim veya coğrafi ad Yargıçlar--Türkiye--21. yüzyıl.
9 (RLIN) 134182
650 #0 - KONU BAŞLIĞI EK GİRİŞ - KONU TERİMİ
Konusal terim veya coğrafi ad Corruption--Turkey.
9 (RLIN) 134183
650 #0 - KONU BAŞLIĞI EK GİRİŞ - KONU TERİMİ
Konusal terim veya coğrafi ad Intelligence service--Turkey.
9 (RLIN) 17204
650 #0 - KONU BAŞLIĞI EK GİRİŞ - KONU TERİMİ
Konusal terim veya coğrafi ad Press and politics--Turkey.
9 (RLIN) 13451
650 #0 - KONU BAŞLIĞI EK GİRİŞ - KONU TERİMİ
Konusal terim veya coğrafi ad Judges--Turkey--21st century.
9 (RLIN) 134184
830 1# - SERİ EK GİRİŞİ - TEKBİÇİM ESER ADI
Tekbiçim Başlık Kırmızı Kedi Yayınevi ;
Volume number/sequential designation 819.
9 (RLIN) 69595
830 1# - SERİ EK GİRİŞİ - TEKBİÇİM ESER ADI
Tekbiçim Başlık Güncel ;
Volume number/sequential designation 34
9 (RLIN) 7225
907 ## - LOCAL DATA ELEMENT G, LDG (RLIN)
a Tarih
942 ## - EK GİRİŞ ÖGELERİ (KOHA)
Source of classification or shelving scheme Library of Congress Classification
Koha item type Book
Holdings
Materyal Türü Kalıcı Konum Mevcut Konum Raf Yeri Sınıflandırma Kaynağı Edinim Bilgisi Ana Konular Alt Konular Yer Numarası Demirbaş Numarası Fatura Tarihi Geri Çekilme Durumu Kayıp Durumu Hasarlı Durumu Kredi için değil Kayıt Tarih Toplam Ödünçverme Son Görülme Tarihi Son Kontrol Tarihi Genel / Bağış Notu
Book Prof. Dr. Azmi Özcan Kütüphanesi Prof. Dr. Azmi Özcan Kütüphanesi Uluğbey Salonu Library of Congress Classification Bağış DÜNYA TARİHİ (AVRUPA, ASYA, AFRİKA VB.) Balkan Yarımadası DR603 .O93 2017 0069387 02/02/2026         18/09/2023   17/03/2025 17/03/2025 Genel Bağış